Niekoľko slov o našej identite a kultúrnom dedičstve

Bibliographic Details
Main Author: Jakabová-Šingelová, Mária (Author)
Format: Article
Language:Slovak
ISBN:9638657359
Subjects:

MARC

LEADER 00000naa a2200000 ar4500
001 vtls008943240
003 SK-MaSNL
005 20260302144732.0
008 070206|2005 xo |r||||||||||00 b|slo
015 |a SNBRA2007/02  |2 snkbucl 
038 |a SNKBUCL 
040 |a SNKBUCL  |b slo  |c SNKBUCL  |e AACR2 
041 1 |a slo  |b eng  |b hun 
044 |a xo  |c SK 
080 |a 316.022.4(=162.4)(439)  |2 2001 
080 |a 323.113(=162.4)(439)  |2 2001 
100 1 |a Jakabová-Šingelová, Mária  |4 aut  |9 836043 
245 1 0 |a Niekoľko slov o našej identite a kultúrnom dedičstve  |c Mária Jakabová-Šingeľová 
504 |a Bibliogr. odkazy 
546 |a Res. angl., maď. 
610 2 7 |a Výskumný ústav Slovákov v Maďarsku (Békešská Čaba, Maďarsko)  |2 snkbucl  |9 82328 
650 0 7 |a Slováci v zahraničí  |2 snkbucl  |9 14695 
650 0 7 |a kultúrne dedičstvo  |2 snkbucl  |9 4195 
650 0 7 |a národná identita  |2 snkbucl  |9 1665 
651 7 |a Maďarsko  |2 snkbucl  |9 16754 
773 0 |t 15 rokov Výskumného ústavu Slovákov v Maďarsku  |d Békešská Čaba : Výskumný ústav Slovákov v Maďarsku, 2005  |g S. 67-74  |z 9638657359 
852 |a SNK  |b KIS3GCP 
958 |a NB 
958 |a HU 
958 |a SK 
999 |c 1350813  |d 1352743